Abode under the Dome / (Record no. 200766)

MARC details
000 -LEADER
fixed length control field 00572nam a22001937a 4500
005 - DATE AND TIME OF LATEST TRANSACTION
control field 20240215121746.0
010 ## - LCCN (DPL NO)
LC control number ENG-139272
020 ## - INTERNATIONAL STANDARD BOOK NUMBER
International Standard Book Number 9788123020204
Terms of availability 2300.00
035 ## - SYSTEM CONTROL NUMBER
System control number EN-122804
037 ## - SOURCE OF ACQUISITION
Source of stock number/acquisition DBAD/PUB
082 ## - DEWEY DECIMAL CLASSIFICATION NUMBER
Classification number 327.54
100 ## - MAIN ENTRY--PERSONAL NAME
Personal name Mathew , Thomas
245 ## - TITLE STATEMENT
Title Abode under the Dome /
Statement of responsibility, etc Thomas Mathew
260 ## - PUBLICATION, DISTRIBUTION, ETC. (IMPRINT)
Place of publication, distribution, etc New Delhi
Name of publisher, distributor, etc Publicatiojns Division
Date of publication, distribution, etc 2015
270 ## - ADDRESS
Address Soochna Bhawan ,CGO Complex ,Lodhi Road
City New Delhi
300 ## - PHYSICAL DESCRIPTION
Extent 328 p.
Dimensions 30cm(hbk)
700 ## - ADDED ENTRY--PERSONAL NAME
Personal name Kapoor Rajan
9 (RLIN) 62115
942 ## - ADDED ENTRY ELEMENTS (KOHA)
Source of classification or shelving scheme Dewey Decimal Classification
Item type English Books
Classification part 327.54
Call number suffix MAT
Holdings
Withdrawn status Lost status Not for loan Collection code Home library Current library Date acquired Cost, normal purchase price Full call number Barcode Cost, replacement price Koha item type
    Not For Loan Reference Sarojini Nagar Sarojini Nagar 15/02/2024 2300.00 327.54 MAT EN-122804 2300.00 English Books

© Delhi Public Library
Hit Counter
free hit counter